LEADER 00942nam a2200253 u 4500 001 000000053178 003 CaOOAMICUS 005 20070226115530.0 008 001109s1990 fr u000 u fre u 035 $a10860706 040 $aPUL$bita 100 1 $aSchooyans, Michel,$d1930-$0(OLS)http://pul/name/7339 245 12$aL'avortement :$benjeux politiques /$cMichel Schooyans. 260 $aQuébec :$bCollection Essais,$c1990. 300 $a234 p. ;$c23 cm 500 $aContiene indici. 504 $aBibliographie: p. 199-215. 650 4$aAborto.$0(OLS)http://pul/subject/6488 850 $aPUL 852 $aPUL$W1$xSL Religione 1$y3$m39 B 181$j70200$nBK-PRI$b $qStampati$B70200$CPULBib$Z2$F70200 $H $81 941 1 $a8 961 $aINV: 83208 996 $6245$aL'avortement :$benjeux politiques$9(OLS)http://pul/title/71319 996 $6260$aQuébec :$bCollection Essais$9(OLS)http://pul/publisher/68508 LEADER 01453nam a2200313 u 4500 001 000000059077 003 CaOOAMICUS 005 20070226120748.0 008 010621s1994 ne u000 u eng u 020 $a0792323483 035 $a10893366 040 $aPUL(R)$bita 245 00$aAllegory old and new :$bin literature, the fine arts, music and theatre, and its continuity in culture /$cedited by Marlies Kronegger and Anna-Teresa Tymieniecka. 260 $aDordrecht :$bKluwer Academic Publishers,$cc1994. 300 $ax, 326 p. ;$c25 cm 490 1 $aAnalecta husserliana ;$v42 500 $aContiene indici. 504 $aContiene indicazioni bibliografiche. 650 4$aFenomenologia.$0(OLS)http://pul/subject/1230 700 1 $aKronegger, Marlies.$0(OLS)http://pul/name/40769 700 1 $aTymieniecka, Anna-Teresa.$0(OLS)http://pul/name/34937 830 0$aAnalecta husserliana ;$v42.$0(OLS)http://pul/title/64786 850 $aPUL 852 $aPUL$W1$xSL Filosofia 2$y80$mPhil A6 42$j77099$n $b $qStampati altre collocazioni$B77099$CPULBib$Z2$F77099 $H $81 941 1 $a10 961 $aINV: 71944 996 $6020$a0792323483$9(OLS)http://pul/number/75109 996 $6245$aAllegory old and new :$bin literature, the fine arts, music and theatre, and its continuity in culture$9(OLS)http://pul/title/79128 996 $6260$aDordrecht :$bKluwer Academic Publishers$9(OLS)http://pul/publisher/64503